000 024200000a22004690004500
003 LK-CoMWRAF
008 230817t ||||| |||| 00| 0 eng d
020 _a3810039403
040 _aLK-CoMWRAF
_dLK-CoMWRAF
_eLK-CoMWRAF
041 _aeng
082 _a440
_bAUS
245 _aTransforming Ethnopolitical Conflict
_bThe Berghof Handbook
260 _b
_a
_c2004
300 _ap.473
650 _aAnalysing Conflict and Assessing Conflict Transformation
650 _aAssessing the State-of-the-Art in Conflict Transformation
650 _aCivilisation of Conflict: Constructive Pacifism as a Guiding Notion for Conflict Transformation
650 _aConcepts and Cross-Cutting Challenges
650 _aConflict Transformation through State Reform
650 _aConflict Transformation: A Multi Dimensional Task
650 _aCulture, Power Asymmetries and Gender in Conflict Transformation
650 _aDealing with the Consequences of Organised Violence in Trauma work
650 _aDesigning Transformation and Intervention Processes
650 _aEarly Warning and the Field: A Cargo Cult Science?
650 _aEnchancing the Capacity for Conflict Transformation
650 _aExperiences with Impact Assessment: Can we Know what Good we do?
650 _aFacilitation Skills for Interpersonal Transformation
650 _aFrom resolution to Transformation: The Role of Dialogue Projects
650 _aHawks and Doves: Peace Keeping and Conflict Resolution
650 _aPeace and Conflict Impact Assessment Methodology
650 _aRecovering from Violent Conflict: Regeneration and (Re-) Integration as Elements of Peacebuilding
650 _aRecovering from War: Reconstruction versus just Paece
650 _aStructural Refoms, Institutionbuilding and Violence Control
650 _aSupporting Justice, Co-existence and Reconciliation after Armed Conflict: Strategies for Dealing with the Past
650 _aTeam and Organisational Development as a Means for Conflict Prevention and Resolution
650 _aThe News Media and the Transformation of Ethnopolitical Conflicts
650 _aThe Role of Development Aid in Conflict Transformation: Facilitating Empowerment Processesand Community Building
650 _aTowards Conflict Transformation and a just Peace
650 _aTrends and Causes of Armed Conflict
700 _aAustin,, Alex
_eed.
942 _cBK
999 _c2064
_d2064